|
|
|
|
| LEADER |
01011nam a2200253 a 4500 |
| 001 |
GR-MES13015 |
| 008 |
070907s gr b 001 0 gre d |
| 020 |
|
|
|a 1402040024
|
| 040 |
|
|
|a GrPaTEI
|b gre
|c GR-PaULI
|
| 040 |
|
|
|a GrPaTEI
|b gre
|c GR-PaULI
|
| 082 |
|
0 |
|a 579.316 3
|2 22
|
| 245 |
0 |
0 |
|a PGPR :
|b Biocontrol and biofertilization ; edited by Zki A. Siddiqui.
|
| 260 |
|
|
|a Dordrecht :
|b Springer,
|c 2006
|
| 300 |
|
|
|a xiii
|a 318σ. :
|b εικ. ;
|c 25εκ.
|
| 504 |
|
|
|a Περιλαμβάνει βιβλιογραφίες και ευρετήριο.
|
| 650 |
|
0 |
|a Growth (plants)
|
| 650 |
|
0 |
|a Rhizosphere
|
| 650 |
|
4 |
|a Ανάπτυξη φυτών
|
| 650 |
|
4 |
|a Ριζόσφαιρα
|
| 700 |
1 |
|
|a Siddiqui, Zaki A.
|
| 942 |
|
|
|2 ddc
|
| 952 |
|
|
|0 0
|1 0
|2 ddc
|4 0
|6 579_316000000000000_3_PGP
|7 0
|9 271548
|a MSLG
|b MSLG
|c BSC
|d 2021-01-17
|e 24
|f 0
|g 0.00
|l 0
|o 579.316 3 PGP
|p 2420000022329
|r 2021-01-17 00:00:00
|t 1
|w 2021-01-17
|y BK15
|x 20070907 0 ΜΑΤΣΙΩΡΗ 1
|x GrPaTEI
|
| 971 |
|
|
|a .b25790626
|b 15-04-20
|c 13-09-16
|
| 999 |
|
|
|c 156882
|d 156882
|